| 000 | 00408nam a2200169Ia 4500 | ||
|---|---|---|---|
| 003 | LK-CoDNM | ||
| 008 | 010623t1970 xxu||||| |||| 00| 1 eng d | ||
| 040 |
_aLK-CoDNM _dLK-CoDNM _eLK-CoDNM |
||
| 041 | _aeng | ||
| 080 |
_a398.4 _bmAR |
||
| 100 |
_aMarwick, Max _eed. |
||
| 245 | _aWitchcraft sorcery | ||
| 260 |
_bPenguin books _aEngland _c1970 |
||
| 300 | _b416, 18 cm | ||
| 650 | _aCulture | ||
| 942 | _cBK | ||
| 999 |
_c108171 _d108171 |
||